Città della Regione Pokémon di Johto nella Mappa - Statistics

Statistiche generali
  • Questo quiz è stato fatto 125 volte
    123 dall'ultimo reset
  • Il punteggio medio è 7 su 10
Risposte nella Mappa
Le risposte nella mappa del quiz sottostante sono codificate secondo una scala di colori dal rosso al verde in base alla % di persone che hanno risposto correttamente.
 
Statistiche sulle risposte
Risposta % Corretto
Borgo Foglianova
94%
Ebanopoli
79%
Amarantopoli
76%
Mogania
72%
Azalina
70%
Olivinopoli
70%
Violapoli
69%
Fiordoropoli
66%
Fiorlisopoli
58%
Fiorpescopoli
56%
Nessun quiz corrispondente trovato
Distribuzione punteggi
Percentuale di utenti per punteggio
Percentile per numero di risposta
I tuoi punteggi nel tempo
Non hai fatto questo quiz dall'ultimo reset